01040naa#a2200205#i#4500001001600000005001700016011001400033100004100047102000700088200024200095210012800337215001000465608004500475675007900520700005600599700006400655700004800719700004700767856002000814RU\\bibl\12026820260416190213.4##a1819-4036##a20210331b2021####ek#y0rusy0150####ca##aRU1#aГИСТОМОРФОЛОГИЧЕСКИЕ ИЗМЕНЕНИЯ ОСНОВЫ КОЖИ КОПЫТЕЦ У КРУПНОГО РОГАТОГО СКОТА ПРИ РАЗВИТИИ ЯЗВЫ РУСТЕРГОЛЬЦАeЖурнальная статья1#aКрасноярскcКрасноярский государственный аграрный университетd2021##a7 с.##aЖурнальная статья2local##aСравнительная патология. Ветеринария. 619#1aГагаринgЕвгений Максимович#1aГлазуноваgЛариса Александровна#1aРамихgПавел Михайлович#1aЦыганокgВлад Олегович 4#avestnik.kgau.ru